Online katalóg knižníc regiónu Turca

Ak ťa stratím (Record no. 22027)

MARC details
000 -LEADER
fixed length control field 01837cam a2200505 a 4500
001 - CONTROL NUMBER
control field 22027
003 - CONTROL NUMBER IDENTIFIER
control field VRT
005 - DATE AND TIME OF LATEST TRANSACTION
control field 20260317163411.0
008 - FIXED-LENGTH DATA ELEMENTS--GENERAL INFORMATION
fixed length control field 240226s1998 xo er 000 f slo
015 ## - NATIONAL BIBLIOGRAPHY NUMBER
National bibliography number SNBA1999/07-02499
020 ## - INTERNATIONAL STANDARD BOOK NUMBER
International Standard Book Number 8085218631
Qualifying information (viaz.)
035 ## - SYSTEM CONTROL NUMBER
System control number SNK000312960
035 ## - SYSTEM CONTROL NUMBER
System control number urn:nbn:sk:snk-amkj6c
035 ## - SYSTEM CONTROL NUMBER
System control number urn:nbn:sk:snk-am008hqn
035 ## - SYSTEM CONTROL NUMBER
System control number 1C8B45DC-9D34-4498-B5AF-31DA46DBAA7A
039 #9 - LEVEL OF BIBLIOGRAPHIC CONTROL AND CODING DETAIL [OBSOLETE]
Level of rules in bibliographic description 202402261847
Level of effort used to assign nonsubject heading access points VLOAD
Level of effort used to assign subject headings 202205171033
Level of effort used to assign classification msnk167
Level of effort used to assign subject headings 202205120801
Level of effort used to assign classification VLOAD
Level of effort used to assign subject headings 202112302016
Level of effort used to assign classification AUTHORITY
040 ## - CATALOGING SOURCE
Original cataloging agency SNK
Language of cataloging slo
Transcribing agency SNK
Modifying agency SAVUK
Description conventions AACR2
041 1# - LANGUAGE CODE
Language code of text/sound track or separate title slo
Language code of original eng
044 ## - COUNTRY OF PUBLISHING/PRODUCING ENTITY CODE
MARC country code xo
ISO country code SK
072 #7 - SUBJECT CATEGORY CODE
Subject category code 821.111-3
Subject category code subdivision Anglická próza, anglicky písaná
Source konspekt
080 ## - UNIVERSAL DECIMAL CLASSIFICATION NUMBER
Universal Decimal Classification number 821.111(415)-31
Edition identifier 2011
080 ## - UNIVERSAL DECIMAL CLASSIFICATION NUMBER
Universal Decimal Classification number 82-311.4
Edition identifier 2011
080 ## - UNIVERSAL DECIMAL CLASSIFICATION NUMBER
Universal Decimal Classification number (0:82-312.5)
Edition identifier 2011
100 1# - MAIN ENTRY--PERSONAL NAME
Personal name Edmonds, Lucinda,
Dates associated with a name 1965-2021
Relationship aut
240 10 - UNIFORM TITLE
Uniform title Losing you
Language of a work Slovensky
245 10 - TITLE STATEMENT
Title Ak ťa stratím
Statement of responsibility, etc. Lucinda Edmonds ; [z anglického originálu Losing you ... preložila Marta Kastlová]
250 ## - EDITION STATEMENT
Edition statement 1. vyd.
260 ## - PUBLICATION, DISTRIBUTION, ETC.
Place of publication, distribution, etc. Bratislava
Name of publisher, distributor, etc. Remedium
Date of publication, distribution, etc. 1998
300 ## - PHYSICAL DESCRIPTION
Extent 320 s.
Dimensions 22 cm
655 #7 - INDEX TERM--GENRE/FORM
Genre/form data or focus term írske romány (anglicky)
Source of term SNKPH
655 #7 - INDEX TERM--GENRE/FORM
Genre/form data or focus term ľúbostné romány
Source of term SNKPH
655 #7 - INDEX TERM--GENRE/FORM
Genre/form data or focus term spoločenské romány
Source of term SNKPH
655 #7 - INDEX TERM--GENRE/FORM
Genre/form data or focus term Irish fiction (English)
Source of term SNKPHeng
655 #7 - INDEX TERM--GENRE/FORM
Genre/form data or focus term Love novels
Source of term SAVUKPHeng
700 1# - ADDED ENTRY--PERSONAL NAME
Personal name Kastlová, Marta
Relationship trl
910 ## - USER-OPTION DATA (OCLC)
User-option data snk
942 ## - ADDED ENTRY ELEMENTS (KOHA)
Source of classification or shelving scheme Dewey Decimal Classification
Koha item type Krásna literatúra pre dospelých
Suppress in OPAC No
949 ## - LOCAL PROCESSING INFORMATION (OCLC)
6 273K0110034
a svkpoA 175133
b svkpo435962
949 ## - LOCAL PROCESSING INFORMATION (OCLC)
6 2889178629
a savukPV 1601
949 ## - LOCAL PROCESSING INFORMATION (OCLC)
6 4710702269
a strmkB
b strmk2008/2269
949 ## - LOCAL PROCESSING INFORMATION (OCLC)
6 270001000009914
a svkbbA 98351
b svkbbm 623148
949 ## - LOCAL PROCESSING INFORMATION (OCLC)
6 3869A00556
a bpksh820-31
b bpksh50639
949 ## - LOCAL PROCESSING INFORMATION (OCLC)
6 17A0187840
9 P60, <03>, [BOOK], {603}
a snkSC 98239
b snkKSP 3654/99
s 6100:20140925
949 ## - LOCAL PROCESSING INFORMATION (OCLC)
6 17A0187841
9 P60, <05>, [BOOK], {605}
a snkSC 98239 D1
b snkKSP 3655/99
Holdings
Stav vyradenia Strata Poškodenie Spôsob nadobudnutia Domovská knižnica Aktuálna knižnica Dátum nadobudnutia Total checkouts Čiarový kód exemplára Date last seen Typ exemplára
      Dar Obecná knižnica Horná Štubňa Obecná knižnica Horná Štubňa 17.03.2026   9788085218633 17.03.2026 Krásna literatúra pre dospelých
Projekt je podporený Slovenskou asociáciou knižníc
Prevádzkuje Turčianska knižnica Martin 2026